Personnages de Bambi par images - Disney - Statistiques

Statistiques générales
  • Ce quiz a été pris 27 fois
  • Le résultat moyen est 4 sur 10
Statistiques - réponses
Par images Réponse % Correct
Bambi
100%
Fleur
100%
Panpan
100%
Féline
71%
Ena
14%
Grand prince de la forêt
14%
Monsieur Hibou
14%
Mère de Bambi
10%
Miss Bunny
10%
La faisane
5%
Aucun quiz correspondant
Distribution des résultats
% des personnes avec chaque résultat
Percentile par nombre de réponses
Votre historique - résultats
Vous n’avez pas pris ce quiz